000 00321nam a2200121Ia 4500
008 190216s9999||||xx |||||||||||||| ||und||
100 _aVijayalakshmy V G & Janardhanan 
 Pillay
245 0 _aSubsidiary Mathematics
260 _bAjith Book Center
_c1989
300 _a304p
650 _aMathematics
942 _cBK
999 _c31267
_d31267